| 000 | 01357cam a22003734a 4500 | ||
|---|---|---|---|
| 999 |
_c526360 _d526360 |
||
| 001 | 15593417 | ||
| 003 | NUST | ||
| 005 | 20190711043309.0 | ||
| 008 | 090122r20081988pk b 000 0 urdo | ||
| 010 | _a 2009355046 | ||
| 020 | _a9789698460082 | ||
| 025 | _aP-U-2009355046; 08 | ||
| 038 | _awaseem | ||
| 040 |
_aDLC _cDLC _dDLC |
||
| 042 | _alcode | ||
| 043 | _aa-pk--- | ||
| 050 | 0 | 0 |
_aND1010.7 _b.Q73 2008 |
| 082 |
_a750.5491 _bQUR |
||
| 100 | 1 |
_aQuraishī, ʻĀbid Ḥusain, _d1946- _917352 |
|
| 245 | 1 | 0 |
_aPākistān men̲ muṣavvirī : _bmuntak̲h̲ab maz̤āmīn / _cʻĀbid Ḥusain Quraishī. |
| 260 |
_aLāhaur : _bPākistān Rāʼiṭarz Koāpreṭiv Sosāʼīṭī : _bTaqsīmkār, Koāprā Buk Sanṭar ainḍ Ārṭ Gailarī, _c2008. |
||
| 300 |
_a448 p. ; _c25 cm. |
||
| 500 | _aP. 448 blank. | ||
| 504 | _aIncludes bibliographical references. | ||
| 520 | _aContributed articles on art in Pakistan, previously published in Pakistani Urdu magazines from 1988-2007. | ||
| 546 | _aIn Urdu. | ||
| 650 | 0 |
_aPainting, Pakistani. _917353 |
|
| 710 | 2 |
_aPakistan Writers' Co-operative Society. _917354 |
|
| 880 |
_6100-01\r _aعابد حسین قریشی |
||
| 880 |
_6245-02\r _aپاکستان میں مصوری / |
||
| 906 |
_a7 _bcbc _corigode _d3 _encip _f20 _gy-gencatlg |
||
| 942 |
_2ddc _cBK |
||